Martiat Durnez architectes - Frederic Saenen écrivain

Furkejuvvon:
Bibliográfalaš dieđut
Materiálatiipa: Girji
Giella:fránskkagiella
Almmustuhtton: Lieja Fourre Tout Civa 2007
Ráidu:Architexto, 5
Fáttát:
Fáddágilkorat: Lasit fáddágilkoriid
Eai fáddágilkorat, Lasit vuosttaš fáddágilkora!

MARC

LEADER 00000nam a2200000 a 4500
001 UCI8240
003 CL-VaPUC
008 080821e20070000BE |||||||||||||||||fre|d
020 |a 9782960047585 
082 0 4 |a 720.9493  |b MAR  |2 21 
245 1 0 |a Martiat Durnez architectes - Frederic Saenen écrivain 
300 |a pág. irreg 
942 |c BK 
945 |d 20080821 00:00:00  |a rbrito 
260 |a Lieja  |b Fourre Tout Civa  |c 2007 
600 0 7 |a DURNEZ, MARTIAT  |2 CL-VaPUC  |9 531775 
600 0 7 |a SAENEN, FREDERIC  |2 CL-VaPUC  |9 531776 
650 0 |a Arquitectura belga  |9 531777 
650 0 |a Arquitectos belgas  |9 531774 
651 7 |a BELGICA  |2 CL-VaPUC  |9 315122 
583 |a last modification  |c 20080821 00:00:00  |k Rodrigo Vera 
490 0 |a Architexto, 5 
999 |c 331257  |d 331255 
952 |0 0  |1 0  |4 0  |6 720_949300000000000_MAR_2007  |7 0  |8 A  |9 417550  |a BIBARQ  |b BIBARQ  |d 2019-11-22  |i 4473264  |o 720.9493 MAR 2007  |p 4473264  |r 2025-01-20  |w 2019-11-22  |y BK  |k ARQ